[Event "Parana-chT 54th"]
[Site "Parana"]
[Date "2011.11.19"]
[Round "6"]
[White "Gonzalez Bolivar, Ribeiro"]
[Black "Araujo, Rafael Moreira"]
[Result "1-0"]
[WhiteElo "2250"]
[BlackElo "2141"]
[PlyCount "98"]
[EventDate "2011.11.14"]
[EventType "team-swiss"]
[EventRounds "7"]
[EventCountry "BRA"]
[SourceTitle "EXT 2013"]
[Source "ChessBase"]
[SourceDate "2012.11.22"]
[SourceVersion "1"]
[SourceVersionDate "2012.11.22"]
[SourceQuality "1"]
[WhiteTeam "Maringa"]
[BlackTeam "Campo Mourao"]
[WhiteTeamCountry "BRA"]
[BlackTeamCountry "BRA"]

1. e4 e5 2. Nf3 Nc6 3. Bb5 a6 4. Ba4 Nf6 5. 0-0 b5 6. Bb3 Be7 7. d3 0-0 8. Nc3 d6 9. Nd5 Nxd5 10. Bxd5 Bd7 11. c3 Rb8 12. h3 Bf6 13. Be3 b4 14. Qd2 bxc3 15. bxc3 Na5 16. Ba7 Rc8 17. Rab1 c6 18. Bb6 Qe7 19. Bxa5 cxd5 20. exd5 Rb8 21. Rfe1 g6 22. Rxb8 Rxb8 23. d4 e4 24. Qf4 g5 25. Qxe4 Qxe4 26. Rxe4 Bf5 27. Re1 Bd3 28. Bc7 Rc8 29. Bxd6 Rxc3 30. Be5 Bd8 31. Bd6 Bb5 32. Be7 Ba5 33. Re5 f6 34. Rf5 Rc1+ 35. Kh2 Rc2 36. Bxf6 Rxa2 37. Rxg5+ Kf7 38. Be5 Rxf2 39. Rg7+ Ke8 40. Ng5 h6 41. Ne4 Re2 42. Nf6+ Kf8 43. Nh7+ Ke8 44. Nf6+ Kf8 45. Ra7 Bb4 46. d6 a5 47. Nd5 Bc6 48. Nf4 Re4 49. Ne6+ Ke8 1-0

[Event "Parana-chT 54th"]
[Site "Parana"]
[Date "2011.11.18"]
[Round "5"]
[White "Gonzalez Bolivar, Ribeiro"]
[Black "Vieira, Gabriel Tortola Flo"]
[Result "1/2-1/2"]
[WhiteElo "2250"]
[BlackElo "2175"]
[PlyCount "52"]
[EventDate "2011.11.14"]
[EventType "team-swiss"]
[EventRounds "7"]
[EventCountry "BRA"]
[SourceTitle "EXT 2013"]
[Source "ChessBase"]
[SourceDate "2012.11.22"]
[SourceVersion "1"]
[SourceVersionDate "2012.11.22"]
[SourceQuality "1"]
[WhiteTeam "Maringa"]
[BlackTeam "Paranavai"]
[WhiteTeamCountry "BRA"]
[BlackTeamCountry "BRA"]

1. e4 d5 2. Nc3 dxe4 3. Nxe4 Bf5 4. Qf3 Qd5 5. Nc3 Qxf3 6. Nxf3 c6 7. Nh4 Bg4 8. h3 Bh5 9. g4 Bg6 10. Nxg6 hxg6 11. Bg2 Nd7 12. b4 a6 13. a4 e6 14. Rb1 Ngf6 15. b5 axb5 16. axb5 Nd5 17. bxc6 bxc6 18. Nxd5 exd5 19. 0-0 Bd6 20. Re1+ Kd8 21. d3 Kc7 22. c4 dxc4 23. dxc4 Rhb8 24. Be3 Rxb1 25. Rxb1 Ra4 26. Bf1 Nc5 1/2-1/2

[Event "Parana-chT 54th"]
[Site "Parana"]
[Date "2011.11.16"]
[Round "3"]
[White "Gonzalez Bolivar, Ribeiro"]
[Black "Guimaraes, Ricardo Alves"]
[Result "1-0"]
[WhiteElo "2250"]
[BlackElo "2033"]
[PlyCount "147"]
[EventDate "2011.11.14"]
[EventType "team-swiss"]
[EventRounds "7"]
[EventCountry "BRA"]
[SourceTitle "EXT 2013"]
[Source "ChessBase"]
[SourceDate "2012.11.22"]
[SourceVersion "1"]
[SourceVersionDate "2012.11.22"]
[SourceQuality "1"]
[WhiteTeam "Maringa"]
[BlackTeam "Araucaria"]
[WhiteTeamCountry "BRA"]
[BlackTeamCountry "BRA"]

1. c4 e5 2. g3 Nf6 3. Bg2 Bc5 4. Nc3 0-0 5. Nf3 Re8 6. e4 Nc6 7. 0-0 d6 8. h3 Be6 9. d3 h6 10. a3 a5 11. Rb1 Nd7 12. Nd5 Nd4 13. b4 axb4 14. axb4 Nxf3+ 15. Qxf3 Bd4 16. Ne3 b5 17. Qe2 bxc4 18. Nxc4 Qb8 19. Be3 Qa7 20. Na5 Bxe3 21. Qxe3 Qxe3 22. fxe3 Ra6 23. d4 Nb6 24. Rfc1 Rc8 25. Bf1 Raa8 26. Ra1 Bd7 27. dxe5 dxe5 28. Rc5 f6 29. Rac1 Ra7 30. Nc6 Bxc6 31. Rxc6 Nd7 32. b5 Rb7 33. h4 Nb8 34. R6c5 Nd7 35. Rc6 Nb8 36. Bh3 Rd8 37. R6c5 Rd6 38. h5 Kf8 39. Bc8 Rbb6 40. Kg2 c6 41. Bf5 cxb5 42. Rc8+ Ke7 43. Rg8 Rdc6 44. Rxb8 Rxb8 45. Rxc6 b4 46. Rc7+ Kd6 47. Ra7 Kc5 48. Be6 b3 49. Bxb3 Rxb3 50. Kf3 Rb1 51. Rxg7 Rh1 52. Rg6 Rxh5 53. Rxf6 Rh1 54. Re6 Rh5 55. Kg4 Rh1 56. Rxe5+ Kc4 57. Rh5 Re1 58. Rxh6 Rxe3 59. Kf4 Re1 60. g4 Kd4 61. Rd6+ Kc5 62. Rd8 Rf1+ 63. Ke5 Rg1 64. Rc8+ Kb6 65. Rg8 Kc7 66. Ke6 Ra1 67. e5 Ra6+ 68. Kf7 Kd7 69. e6+ Rxe6 70. Rd8+ Kxd8 71. Kxe6 Ke8 72. Kf6 Kf8 73. Kg6 Kg8 74. g5 1-0

[Event "Parana-chT 54th"]
[Site "Parana"]
[Date "2011.11.14"]
[Round "1"]
[White "Da Silva, Adriano Batista"]
[Black "Gonzalez Bolivar, Ribeiro"]
[Result "1-0"]
[WhiteElo "1948"]
[BlackElo "2250"]
[PlyCount "151"]
[EventDate "2011.11.14"]
[EventType "team-swiss"]
[EventRounds "7"]
[EventCountry "BRA"]
[SourceTitle "EXT 2013"]
[Source "ChessBase"]
[SourceDate "2012.11.22"]
[SourceVersion "1"]
[SourceVersionDate "2012.11.22"]
[SourceQuality "1"]
[WhiteTeam "Francisco Beltrao"]
[BlackTeam "Maringa"]
[WhiteTeamCountry "BRA"]
[BlackTeamCountry "BRA"]

1. d4 Nf6 2. Nf3 c5 3. e3 d5 4. b3 Nc6 5. Bb2 e6 6. Bd3 Qb6 7. Qc1 Nb4 8. 0-0 Be7 9. Ne5 0-0 10. Nd2 Nd7 11. Nxd7 Bxd7 12. Be2 Rac8 13. c3 Nc6 14. Nf3 f6 15. Qd2 Rfd8 16. Rfd1 Be8 17. Rac1 Bf7 18. Ba1 e5 19. Qe1 cxd4 20. cxd4 e4 21. Nd2 Ba3 22. Rc2 Nb4 23. Rxc8 Rxc8 24. Nb1 Nc2 25. Qd2 Bb4 26. Bc3 Rxc3 27. Nxc3 Na3 28. Qc1 Qc6 29. Nb1 Qxc1 30. Rxc1 Nxb1 31. Rxb1 Be6 32. a4 Kf8 33. Rc1 Bd6 34. h3 Ke7 35. g4 g6 36. Kg2 Kd8 37. f4 Be7 38. Rf1 Bf8 39. Kf2 Bb4 40. h4 h6 41. Rg1 Be7 42. Kg3 Bd6 43. Kg2 Be7 44. Rf1 Bf7 45. g5 h5 46. gxf6 Bxf6 47. Kg3 Be6 48. Rb1 Be7 49. b4 Bd6 50. Bf1 Bd7 51. b5 Ke7 52. Bh3 Be8 53. Bc8 b6 54. Bb7 Bf7 55. Rc1 Be6 56. Bc8 Bf7 57. Bh3 Bb4 58. Kf2 Kf8 59. Rc8+ Kg7 60. Rc7 Kf8 61. Rxa7 Be7 62. Ra8+ Kg7 63. Rb8 Bxh4+ 64. Ke2 g5 65. fxg5 Bxg5 66. Rxb6 h4 67. Bg4 Bh5 68. Bxh5 h3 69. Rc6 h2 70. Rc1 Bd8 71. Rh1 Bc7 72. Rxh2 Bxh2 73. b6 Bd6 74. a5 Bb4 75. a6 Bd6 76. a7 1-0

[Event "BRA-ch sf"]
[Site "Sao Paulo"]
[Date "2010.10.30"]
[Round "2"]
[White "Gonzalez Bolivar, Ribeiro"]
[Black "Molina, Roberto Junio Brito"]
[Result "1/2-1/2"]
[WhiteElo "2286"]
[BlackElo "2384"]
[PlyCount "39"]
[EventDate "2010.10.30"]
[EventType "swiss"]
[EventRounds "7"]
[EventCountry "BRA"]
[SourceTitle "EXT 2012"]
[Source "ChessBase"]
[SourceDate "2011.11.24"]
[SourceVersion "1"]
[SourceVersionDate "2011.11.24"]
[SourceQuality "1"]

1. e4 c6 2. d4 d5 3. Nd2 dxe4 4. Nxe4 Nd7 5. Qe2 Ndf6 6. c3 Nxe4 7. Qxe4 Nf6 8. Qc2 Qd5 9. Nf3 Bf5 10. Bd3 Bxd3 11. Qxd3 Qe4+ 12. Qxe4 Nxe4 13. Bf4 e6 14. 0-0 Be7 15. Rfe1 Nf6 16. h3 0-0 17. Bg5 Rfd8 18. Ne5 Rac8 19. Rad1 Kf8 20. Kf1 1/2-1/2

[Event "Paulista-ch final"]
[Site "Santos"]
[Date "2008.06.28"]
[Round "5"]
[White "Deus Filho, Joaquim"]
[Black "Gonzalez Bolivar, Ribeiro"]
[Result "0-1"]
[WhiteElo "2067"]
[BlackElo "2252"]
[PlyCount "56"]
[EventDate "2008.06.26"]
[EventType "swiss"]
[EventRounds "7"]
[EventCountry "BRA"]
[SourceTitle "CBM 125 Extra"]
[Source "ChessBase"]
[SourceDate "2008.09.01"]
[SourceVersion "1"]
[SourceVersionDate "2008.09.01"]
[SourceQuality "1"]

1. e4 c5 2. Nc3 Nc6 3. f4 g6 4. Nf3 Bg7 5. Bc4 d6 6. 0-0 Nf6 7. f5 gxf5 8. d3 h6 9. Qe1 Bd7 10. e5 dxe5 11. Nxe5 Nxe5 12. Qxe5 0-0 13. Qg3 Kh7 14. Ne2 Rc8 15. a4 e6 16. Bd2 Rg8 17. Qh4 Bc6 18. Bb5 Qd5 19. Bxc6 Qxc6 20. Rf3 Ng4 21. c3 Bf6 22. Qh3 Bg5 23. Bxg5 Rxg5 24. a5 Rcg8 25. Rg3 e5 26. Rf3 f4 27. Raf1 R8g7 28. g3 f5 0-1

[Event "Paulista-ch final"]
[Site "Santos"]
[Date "2008.06.27"]
[Round "3"]
[White "Milos, Gilberto"]
[Black "Gonzalez Bolivar, Ribeiro"]
[Result "1-0"]
[WhiteElo "2594"]
[BlackElo "2252"]
[PlyCount "119"]
[EventDate "2008.06.26"]
[EventType "swiss"]
[EventRounds "7"]
[EventCountry "BRA"]
[SourceTitle "CBM 125 Extra"]
[Source "ChessBase"]
[SourceDate "2008.09.01"]
[SourceVersion "1"]
[SourceVersionDate "2008.09.01"]
[SourceQuality "1"]

1. e4 c5 2. Nf3 Nc6 3. d4 cxd4 4. Nxd4 Nf6 5. Nc3 e5 6. Ndb5 d6 7. Bg5 a6 8. Na3 b5 9. Nd5 Be7 10. Bxf6 Bxf6 11. c4 b4 12. Nc2 Rb8 13. g3 0-0 14. Bg2 Be6 15. 0-0 Bxd5 16. cxd5 Ne7 17. Ne3 Bg5 18. Nc4 Qc7 19. b3 f5 20. a3 a5 21. a4 Rbd8 22. Ra2 Bf6 23. Rc2 Rc8 24. Qd2 Qd8 25. Rfc1 g6 26. Qe3 Rc5 27. Nd2 f4 28. Qe2 Rxc2 29. Rxc2 fxg3 30. hxg3 Qa8 31. Qg4 Qa7 32. Nc4 Qc5 33. Qe6+ Kg7 34. Qxd6 Qd4 35. Ne3 Bg5 36. Nf1 Rf7 37. Qc5 Qa1 38. Qc4 Ng8 39. Qe2 Qd4 40. Rc4 Qa1 41. Bh3 Nf6 42. Be6 Rf8 43. Qc2 h5 44. Kg2 Qe1 45. Nh2 Nxe4 46. Rxe4 Rxf2+ 47. Qxf2 Qxe4+ 48. Qf3 Qc2+ 49. Kh3 Bf6 50. Qe3 g5 51. g4 h4 52. Bf5 Qd1 53. Be4 Be7 54. Qf3 Qe1 55. Nf1 Bf6 56. d6 Qa1 57. Ne3 Qe1 58. d7 Bd8 59. Bd5 e4 60. Qf7+ 1-0